000 00457nam a2200157Ia 4500
008 151021s9999 xx 000 0 und d
020 _a72299037
050 _aHF 5635 .F95 2000
245 _a_Fundamental Financial Accounting Concepts / Edmonds Thomas p.
260 _aBoston : Mcgraw-Hill, 2000
300 _axxx,649 p.
500 _aIncludes index
650 _a_Accounting
700 _a_Frances M. Mcnair
980 _a^d20120801 02:15:23^oanne
999 _c9150
_d9150